<?xml version="1.0" encoding="UTF-8"?>
<record
    xmlns:xsi="http://www.w3.org/2001/XMLSchema-instance"
    xsi:schemaLocation="http://www.loc.gov/MARC21/slim http://www.loc.gov/standards/marcxml/schema/MARC21slim.xsd"
    xmlns="http://www.loc.gov/MARC21/slim">

  <leader>00602nam a22001817a 4500</leader>
  <controlfield tag="008">191031t2012    sp  |||g |||| 000 0 spa d</controlfield>
  <datafield tag="020" ind1=" " ind2=" ">
    <subfield code="a">9789686321272</subfield>
  </datafield>
  <datafield tag="041" ind1=" " ind2=" ">
    <subfield code="a">spa</subfield>
  </datafield>
  <datafield tag="092" ind1=" " ind2=" ">
    <subfield code="c">403</subfield>
    <subfield code="l">16</subfield>
    <subfield code="s">DIC</subfield>
  </datafield>
  <datafield tag="110" ind1="1" ind2=" ">
    <subfield code="a">Oc&#xE9;ano Grupo Editorial.</subfield>
    <subfield code="9">348</subfield>
  </datafield>
  <datafield tag="245" ind1=" " ind2=" ">
    <subfield code="a">Diccionario de la Lengua Espa&#xF1;ola.</subfield>
    <subfield code="b">Oc&#xE9;ano Pr&#xE1;ctico /</subfield>
    <subfield code="c">Oc&#xE9;ano Grupo Editorial.</subfield>
  </datafield>
  <datafield tag="250" ind1=" " ind2=" ">
    <subfield code="a">1a ed.</subfield>
  </datafield>
  <datafield tag="260" ind1=" " ind2=" ">
    <subfield code="a">M&#xE9;xico:</subfield>
    <subfield code="b">Oc&#xE9;ano;</subfield>
    <subfield code="c">2012.</subfield>
  </datafield>
  <datafield tag="300" ind1=" " ind2=" ">
    <subfield code="a">786 p.</subfield>
  </datafield>
  <datafield tag="500" ind1=" " ind2=" ">
    <subfield code="a">Oc&#xE9;ano Grupo Editorial. (2012). Diccionario de la Lengua Espa&#xF1;ola oc&#xE9;ano pr&#xE1;ctico. (1a ed.). M&#xE9;xico : Oc&#xE9;ano.</subfield>
  </datafield>
  <datafield tag="653" ind1=" " ind2=" ">
    <subfield code="a">Diccionario</subfield>
  </datafield>
  <datafield tag="942" ind1=" " ind2=" ">
    <subfield code="2">ddc</subfield>
    <subfield code="c">BK</subfield>
  </datafield>
  <datafield tag="999" ind1=" " ind2=" ">
    <subfield code="c">3049</subfield>
    <subfield code="d">3049</subfield>
  </datafield>
  <datafield tag="952" ind1=" " ind2=" ">
    <subfield code="0">0</subfield>
    <subfield code="1">0</subfield>
    <subfield code="2">ddc</subfield>
    <subfield code="4">0</subfield>
    <subfield code="7">0</subfield>
    <subfield code="a">BFM</subfield>
    <subfield code="b">BFM</subfield>
    <subfield code="c">CR</subfield>
    <subfield code="d">2019-10-31</subfield>
    <subfield code="e">Compra presupuesto UNCO oct. 2019</subfield>
    <subfield code="g">350.00</subfield>
    <subfield code="l">0</subfield>
    <subfield code="o">403 16 DIC</subfield>
    <subfield code="p">4590</subfield>
    <subfield code="r">2019-10-31</subfield>
    <subfield code="t">Ej. 1</subfield>
    <subfield code="w">2019-10-31</subfield>
    <subfield code="y">BK</subfield>
    <subfield code="z">Compra presupuesto UNCO oct. 2019</subfield>
  </datafield>
  <datafield tag="952" ind1=" " ind2=" ">
    <subfield code="0">0</subfield>
    <subfield code="1">0</subfield>
    <subfield code="2">ddc</subfield>
    <subfield code="4">0</subfield>
    <subfield code="7">0</subfield>
    <subfield code="a">BFM</subfield>
    <subfield code="b">BFM</subfield>
    <subfield code="c">CR</subfield>
    <subfield code="d">2019-10-31</subfield>
    <subfield code="e">Compra presupuesto UNCO oct. 2019</subfield>
    <subfield code="g">350.00</subfield>
    <subfield code="l">0</subfield>
    <subfield code="o">403 16 DIC</subfield>
    <subfield code="p">4591</subfield>
    <subfield code="r">2019-10-31</subfield>
    <subfield code="t">Ej. 2</subfield>
    <subfield code="w">2019-10-31</subfield>
    <subfield code="y">BK</subfield>
    <subfield code="z">Compra presupuesto UNCO oct. 2019</subfield>
  </datafield>
  <datafield tag="952" ind1=" " ind2=" ">
    <subfield code="0">0</subfield>
    <subfield code="1">0</subfield>
    <subfield code="2">ddc</subfield>
    <subfield code="4">0</subfield>
    <subfield code="7">0</subfield>
    <subfield code="a">BFM</subfield>
    <subfield code="b">BFM</subfield>
    <subfield code="c">CR</subfield>
    <subfield code="d">2019-10-31</subfield>
    <subfield code="e">Compra presupuesto UNCO oct. 2019</subfield>
    <subfield code="g">350.00</subfield>
    <subfield code="l">0</subfield>
    <subfield code="o">403 16 DIC</subfield>
    <subfield code="p">4592</subfield>
    <subfield code="r">2019-10-31</subfield>
    <subfield code="t">Ej. 3</subfield>
    <subfield code="w">2019-10-31</subfield>
    <subfield code="y">BK</subfield>
    <subfield code="z">Compra presupuesto UNCO oct. 2019</subfield>
  </datafield>
  <datafield tag="952" ind1=" " ind2=" ">
    <subfield code="0">0</subfield>
    <subfield code="1">0</subfield>
    <subfield code="2">ddc</subfield>
    <subfield code="4">0</subfield>
    <subfield code="7">0</subfield>
    <subfield code="a">BFM</subfield>
    <subfield code="b">BFM</subfield>
    <subfield code="c">CR</subfield>
    <subfield code="d">2019-10-31</subfield>
    <subfield code="e">Compra presupuesto UNCO oct. 2019</subfield>
    <subfield code="g">350.00</subfield>
    <subfield code="l">0</subfield>
    <subfield code="o">403 16 DIC</subfield>
    <subfield code="p">4593</subfield>
    <subfield code="r">2019-10-31</subfield>
    <subfield code="t">Ej. 4</subfield>
    <subfield code="w">2019-10-31</subfield>
    <subfield code="y">BK</subfield>
    <subfield code="z">Compra presupuesto UNCO oct. 2019</subfield>
  </datafield>
  <datafield tag="952" ind1=" " ind2=" ">
    <subfield code="0">0</subfield>
    <subfield code="1">0</subfield>
    <subfield code="2">ddc</subfield>
    <subfield code="4">0</subfield>
    <subfield code="7">0</subfield>
    <subfield code="a">BFM</subfield>
    <subfield code="b">BFM</subfield>
    <subfield code="c">CR</subfield>
    <subfield code="d">2019-11-04</subfield>
    <subfield code="e">Compra presupuesto UNCo. Octubre, 2019.</subfield>
    <subfield code="g">350.00</subfield>
    <subfield code="l">0</subfield>
    <subfield code="o">403 16 DIC</subfield>
    <subfield code="p">4594</subfield>
    <subfield code="r">2019-11-04</subfield>
    <subfield code="t">Ej. 5</subfield>
    <subfield code="w">2019-11-04</subfield>
    <subfield code="y">BK</subfield>
    <subfield code="z">Compra presupuesto UNCo. Octubre, 2019.</subfield>
  </datafield>
</record>
